| 000 | 00899nam a2200241 a 4500 | ||
|---|---|---|---|
| 001 | 65614 | ||
| 003 | BD-RjUL | ||
| 005 | 20211209081438.0 | ||
| 008 | 161003s1976 ii |||| |||| 000 0 ben d | ||
| 020 | _c: Tk. 15.00 | ||
| 035 | _a(BD-RjUL)65744 | ||
| 040 |
_aBD-RjUL _bben _cBD-RjUL _dBD-RjUL |
||
| 041 | _aben | ||
| 082 |
_223 _a891.44109 _bRAP 1976 |
||
| 100 | 1 |
_aরায়, কালিদাস _9136545 |
|
| 245 | 1 | 0 |
_aপদাবলী-সাহিত্য / _cকালিদাস রায় |
| 250 | _a৩য় সং. | ||
| 260 |
_aকলিকাতা : _bমুখার্জী কোঃ, _c১৯৭৬ [১৩৮৩] |
||
| 300 |
_a২৪০ পৃ. ; _c২১ সেমি. |
||
| 650 |
_aবাংলা কবিতা _xইতিহাস ও সমালোচনা _9159000 |
||
| 650 |
_aBenagali Poetry _xHistory & Criticism _9159001 |
||
| 942 |
_2ddc _cBK |
||
| 999 |
_c65614 _d65614 |
||